Africa algunos paises y capitales - Estadísticas

Estadísticas generales
  • Esta prueba ha sido intentada 80 veces
  • La puntuación promedio es 15 de 24
Estadísticas de respuestas
Hint Respuesta % Correcto
Argelia Argel
98%
Marruecos Rabat
98%
Egipto El Cairo
96%
Libia Trípoli
89%
Túnez Túnez
89%
Kenia Nairobi
87%
Etiopía Addis abeba
83%
Madagascar Antananarivo
80%
Angola Luanda
76%
Camerún Yaundé
76%
Sudafrica Pretoria
72%
Mozambique Maputo
70%
Sudán Jartum
69%
Congo Brazzaville
67%
Niger Niamey
61%
Mauritania Nuakchot
59%
Chad Yamena
59%
Republica Centroafricana Bangui
52%
Mali Bamako
50%
Republica Democratica del Congo Kinshasa
43%
Nigeria Abuja
35%
Somalia Mogadisco
11%
Uganda Campala
9%
Senecal Daqar
4%
No se encontraron pruebas coincidentes
Distribución de puntuación
Porcentaje de gente con cada puntuación
Porcentaje por número respondido
Historial de tus puntuaciones
No has intentado esta prueba.